| 000 | 00749nam a22001817a 4500 | ||
|---|---|---|---|
| 999 |
_c63605 _d63605 |
||
| 003 | Ge_BSU | ||
| 005 | 20251113210116.0 | ||
| 008 | 251113s1972 ge ||||| |||| 00| 0 geo d | ||
| 041 | _ageo | ||
| 080 | _a908(575.4) შ-44 | ||
| 100 |
_aშელია, კ. _926225 |
||
| 245 |
_aსაბჭოთა თურქმენეთი / _cკ. შელია. |
||
| 264 |
_aთბილისი : _bსაბჭ. საქართველო, _c1972. |
||
| 300 |
_a66 გვ. ; _b16 სმ. |
||
| 490 | _aთავისუფალ ერთა მძლე კავშირი ძმური | ||
| 653 | _aკომუნისტური მშენებლობა თურქმენეთში. | ||
| 942 |
_2udc _cᲬᲘᲒᲜᲘ |
||